Paul, apostle of Christ [videorecording] / (Record no. 47921)
[ view plain ]
| 000 -LEADER | |
|---|---|
| fixed length control field | 01287nam a22002657a 4500 |
| 005 - DATE AND TIME OF LATEST TRANSACTION | |
| control field | 20190829103209.0 |
| 007 - PHYSICAL DESCRIPTION FIXED FIELD--GENERAL INFORMATION | |
| fixed length control field | vd cvaizk |
| 008 - FIXED-LENGTH DATA ELEMENTS--GENERAL INFORMATION | |
| fixed length control field | 190829b ||||| |||| 00| 0 eng d |
| 245 ## - TITLE STATEMENT | |
| Title | Paul, apostle of Christ [videorecording] / |
| Statement of responsibility, etc | Affirm Films presents in association with Giving Films an ODB Films production in association iwth Mandaley Pictures ; produced by T.J. Berden, David Zelon ; screenplay by Andrew Hyatt ; directed by Andrew Hyatt. |
| 250 ## - EDITION STATEMENT | |
| Edition statement | [English/French/Spanish version] |
| 260 ## - PUBLICATION, DISTRIBUTION, ETC. (IMPRINT) | |
| Place of publication, distribution, etc | Hollywood, California : |
| Name of publisher, distributor, etc | Sony Pictures, |
| Date of publication, distribution, etc | 2018. |
| 300 ## - PHYSICAL DESCRIPTION | |
| Extent | 1 videodisc (ca.107 min.) : |
| Other physical details | sound, color ; |
| Dimensions | 4 3/4 in. |
| 500 ## - GENERAL NOTE | |
| General note | Title from web page.<br/><br/>Originally released as a motion picture in 2018.<br/><br/>Wide screen (2.35:1). |
| 520 ## - SUMMARY, ETC. | |
| Summary, etc | The story covers Paul, going from the most infamous persecutor of Christians to Jesus Christ's most influential apostle. |
| 521 ## - TARGET AUDIENCE NOTE | |
| Target audience note | Rating: PG-13; for some violent content and disturbing images CHV rating: PG. |
| 650 ## - SUBJECT ADDED ENTRY--TOPICAL TERM | |
| Source of heading or term | Paul, the Apostle, Saint |
| Form subdivision | Drama |
| 700 ## - ADDED ENTRY--PERSONAL NAME | |
| Personal name | Berden, T. J. |
| 700 ## - ADDED ENTRY--PERSONAL NAME | |
| Personal name | Zelon, David |
| 700 ## - ADDED ENTRY--PERSONAL NAME | |
| Personal name | Hyatt, Andrew, 1982- |
| 700 ## - ADDED ENTRY--PERSONAL NAME | |
| Personal name | Caviezel, Jim, 1968- |
| 700 ## - ADDED ENTRY--PERSONAL NAME | |
| Personal name | Caviezel, Jim, 1968- |
| 700 ## - ADDED ENTRY--PERSONAL NAME | |
| Personal name | Martinez, Olivier, 1966- |
| 700 ## - ADDED ENTRY--PERSONAL NAME | |
| Personal name | Whalley, Joanne |
| 942 ## - ADDED ENTRY ELEMENTS (KOHA) | |
| Source of classification or shelving scheme | Library of Congress Classification |
| Item type | DVD |
| Withdrawn status | Lost status | Source of classification or shelving scheme | Damaged status | Not for loan | Home library | Current library | Shelving location | Date acquired | Source of acquisition | Cost, normal purchase price | Total Checkouts | Barcode | Date last seen | Price effective from | Koha item type |
|---|---|---|---|---|---|---|---|---|---|---|---|---|---|---|---|
| Library of Congress Classification | BSOP Library | BSOP Library | DVD | 08/29/2019 | Megatexts | 475.00 | 00057143 | 08/29/2019 | 08/29/2019 | DVD |
